[Event "Tourn. n8864"]
[Site "www.chess-mail.com"]
[Date "2016.08.16"]
[Round "1"]
[White "Raven16"]
[Black "Ejner"]
[WhiteElo "2240"]
[BlackElo "2470"]
[Result "0-1"]
[Round "1"]
1.e4 e6
2.d4 d5
3.Nb1d2 c5
4.exd5 Qd8xd5
5.Ng1f3 cxd4
6.Bf1c4 Qd5d6
7.O-O Ng8f6
8.Nd2b3 Nb8c6
9.Nb3xd4 Nc6xd4
10.Qd1xd4 Qd6xd4
11.Nf3xd4 Bc8d7
12.Bc1f4 Ra8c8
13.Bc4b3 Bf8c5
14.Rf1d1 O-O
15.Nd4f3 Rf8d8
16.Bf4g5 Bd7e8
17.c3 h6
18.Bg5xf6 gxf6
19.Rd1xd8 Rc8xd8
20.Ra1d1 Rd8xd1
21.Bb3xd1 a5
22.Nf3d2 Be8b5
23.Bd1f3 b6
24.c4 Bb5a6
25.b3 f5
26.Bf3c6 Kg7
27.Kf1 Kf6
28.Ke2 Ke5
29.Nd2f3 Kd6
30.Bc6e8 f6
31.Nf3e1 Ba6b7
32.f3 Bc5g1
33.h3 Ke5
34.Ne1d3 Kd4
35.Be8d7 e5
36.Bd7xf5 e4
{ resign }
0-1

[Event "Tourn. n8903"]
[Site "www.chess-mail.com"]
[Date "2016.08.16"]
[Round "1"]
[White "Cal"]
[Black "Jhzes"]
[WhiteElo "1750"]
[BlackElo "1810"]
[Result "0-1"]
[Round "1"]
1.d4 d5
2.h3 g6
3.Ng1f3 Bf8g7
4.Bc1f4 Nb8c6
5.a3 Ng8f6
6.Nb1c3 Bc8f5
7.e3 Nf6e4
8.Bf1d3 Ne4xc3
9.bxc3 Bf5e6
10.O-O Qd8d7
11.a4 h5
12.Qd1e2 Be6f5
13.a5 a6
14.Bd3xf5 gxf5
15.c4 dxc4
16.Qe2xc4 e6
17.Ra1b1 Nc6xa5
18.Qc4c3 Na5c6
19.Rb1xb7 Ra8c8
20.Rf1d1 O-O
21.Rd1d3 Rc8b8
22.Rb7xc7 Qd7e8
23.Rc7xc6 Rb8b1
24.Kh2 Rb1f1
25.Bf4e5 Rf1xf2
26.Be5xg7 Kxg7
27.d5 Kg6
28.Nf3e5 Kh7
29.d6 f6
30.Rc6c7 Kh6
31.d7 Qe8a8
32.Ne5f3 Qa8xf3
33.Qc3c6 Rf2xg2
34.Kh1 Qf3f1

0-1

[Event "Tourn. n8893"]
[Site "www.chess-mail.com"]
[Date "2016.08.16"]
[Round "1"]
[White "Faerieking"]
[Black "Frisker"]
[WhiteElo "2230"]
[BlackElo "2250"]
[Result "0-1"]
[Round "1"]
1.e4 e6
2.d4 d5
3.Nb1c3 Ng8f6
4.Bc1g5 Bf8b4
5.e5 h6
6.Bg5e3 Nf6e4
7.Qd1g4 Kf8
8.Bf1d3 Ne4xc3
9.Be3d2 Nc3xa2
10.c3 Na2xc3
11.bxc3 Bb4e7
12.h4 Bc8d7
13.Rh1h3 h5
14.Qg4f4 Kg8
15.Rh3f3 Bd7e8
16.g3 Nb8d7
17.Ng1h3 a6
18.Nh3g5 Be7xg5
19.hxg5 g6
20.c4 dxc4
21.Bd3xc4 Nd7b6
22.Bc4xe6 Qd8e7
23.Be6b3 Rh8h7
24.Ra1c1 Ra8d8
25.Rf3c3 c6
26.Kf1 Qe7d7
27.Bd2e3 Nb6d5
28.Bb3xd5 Qd7xd5
29.Kg1 Be8d7
30.Rc3c5 Qd5e6
31.Qf4f6 Rd8a8
32.Rc1b1 b5
33.Rb1a1 Qe6h3
34.Qf6f3 h4
35.Be3f4 hxg3
36.Bf4xg3 Ra8a7
37.d5 Bd7g4
38.Qf3g2 Qh3h5
39.Ra1a3 cxd5
40.Rc5xd5 Ra7c7
{ resign }
0-1

[Event "Tourn. n8798"]
[Site "www.chess-mail.com"]
[Date "2016.08.16"]
[Round "1"]
[White "Seger"]
[Black "Glenno"]
[WhiteElo "2760"]
[BlackElo "2440"]
[Result "1-0"]
[Round "1"]
1.e4 e5
2.Ng1f3 Nb8c6
3.Bf1b5 a6
4.Bb5xc6 dxc6
5.Nb1c3 f6
6.d4 exd4
7.Qd1xd4 Qd8xd4
8.Nf3xd4 Bc8d7
9.Bc1f4 O-O-O
10.O-O-O Ng8e7
11.Bf4g3 Ne7g6
12.h4 Ng6e5
13.f3 Ne5c4
14.b3 Bf8a3
15.Kb1 Nc4e3
16.Rd1d3 Ba3c5
17.Nc3e2 Bc5xd4
18.Ne2xd4 Bd7e8
19.Rh1e1 Ne3xg2
20.Re1g1 c5
21.Nd4f5 Rd8xd3
22.cxd3 Ng2xh4
23.Bg3xh4 g5
24.Bh4e1 Be8b5
25.Kc2 Rh8d8
26.Nf5e7 Kb8
27.Ne7d5 c6
28.Be1g3 Ka7
29.Bg3c7 Bb5xd3
30.Kxd3 Rd8d7
31.Bc7b6 Kb8
32.Kc4 cxd5
33.exd5 Rd7g7
34.Kxc5 Kc8
35.Kd6 f5
36.Rg1c1 Kb8
37.Bb6d4 Rg7f7
38.Ke6 Rf7f8
39.Bd4b6 Rf8e8
40.Kd7 Re8g8
41.Rc1e1 Rg8g7
42.Re1e7 Rg7g8
43.d6 Rg8c8
44.Re7e8 Rc8xe8
45.Kxe8 h5
46.d7 f4
47.d8Q { resign }
1-0

[Event "Tourn. n8879"]
[Site "www.chess-mail.com"]
[Date "2016.08.16"]
[Round "1"]
[White "Bojan"]
[Black "Odin"]
[WhiteElo "1930"]
[BlackElo "1950"]
[Result "1-0"]
[Round "1"]
1.b4 d5
2.e3 e5
3.a3 Nb8c6
4.c4 d4
5.Bc1b2 Ng8f6
6.exd4 Nc6xd4
7.Ng1f3 Bc8g4
8.d3 Nd4xf3
9.gxf3 Bg4h5
10.Bb2xe5 Bf8d6
11.Be5g3 O-O
12.Bf1e2 Rf8e8
13.Kd2 Bd6e5
14.Ra1a2 Qd8d4
15.Kc2 Be5d6
16.Nb1d2 Re8e7
17.Nd2b3 Qd4b6
18.c5 Bd6xc5
19.Nb3xc5 c6
20.Rh1g1 Ra8d8
21.Bg3h4 Re7e5
22.Bh4xf6 Re5xe2
23.Qd1xe2 Qb6c7
24.Bf6xg7 Bh5g6
25.Bg7f6 Rd8d6
26.Qe2e8 
1-0

[Event "Tourn. n8906"]
[Site "www.chess-mail.com"]
[Date "2016.08.16"]
[Round "1"]
[White "Libiesse"]
[Black "Osopanda"]
[WhiteElo "2000"]
[BlackElo "2010"]
[Result "0-1"]
[Round "1"]
1.d4 Ng8f6
2.c4 g6
3.Nb1c3 Bf8g7
4.Ng1f3 O-O
5.Bc1g5 d6
6.e4 c6
7.Bf1e2 Qd8c7
8.h3 Nb8d7
9.O-O e5
10.d5 Nd7c5
11.Qd1c2 Nf6e8
12.Bg5e7 Qc7xe7
{ resign }
0-1

[Event "Tourn. n8898"]
[Site "www.chess-mail.com"]
[Date "2016.08.16"]
[Round "1"]
[White "Hansen"]
[Black "Zeksky"]
[WhiteElo "1600"]
[BlackElo "1499"]
[Result "0-1"]
[Round "1"]
1.e4 e5
2.Bf1c4 Nb8c6
3.c3 Ng8f6
4.d3 Bf8c5
5.Bc1g5 O-O
6.h4 h6
7.Bg5xf6 Qd8xf6
8.f3 Rf8e8
9.g4 Qf6f4
10.Ng1h3 Qf4g3
11.Kf1 Qg3xh4
12.Nb1d2 d6
13.f4 Bc8xg4
14.Nd2f3 Bg4xh3
15.Ke2 Qh4f2
{ resign }
0-1

[Event "Tourn. n8851"]
[Site "www.chess-mail.com"]
[Date "2016.08.16"]
[Round "1"]
[White "Prize64"]
[Black "Seger"]
[WhiteElo "2390"]
[BlackElo "2710"]
[Result "0-1"]
[Round "1"]
1.Ng1f3 Ng8f6
2.g3 d5
3.c4 dxc4
4.Nb1a3 e5
5.Nf3xe5 Qd8d5
6.Ne5f3 Bf8xa3
7.Qd1a4 Nb8c6
8.Qa4xa3 Bc8g4
9.Bf1g2 O-O-O
10.O-O Rh8e8
11.Rf1e1 Qd5h5
12.b3 Re8xe2
13.Re1xe2 Bg4xf3
14.Bg2xf3 Qh5xf3
15.Re2e3 Qf3d1
16.Kg2 Nf6g4
17.bxc4 Ng4xe3
18.Qa3xe3 Qd1c2
19.h4 Qc2xc4
20.Bc1b2 f6
21.Bb2c3 b5
22.a3 a5
23.Ra1b1 b4
24.axb4 axb4
25.Bc3a1 Rd8xd2
{ resign }
0-1

[Event "Tourn. n8872"]
[Site "www.chess-mail.com"]
[Date "2016.08.16"]
[Round "1"]
[White "Pwain"]
[Black "Biggles"]
[WhiteElo "2220"]
[BlackElo "2080"]
[Result "1-0"]
[Round "1"]
1.e4 e6
2.d4 d5
3.Nb1c3 Bf8b4
4.e5 c5
5.a3 Bb4xc3
6.bxc3 Nb8c6
7.Qd1g4 Ng8e7
8.Qg4xg7 Rh8g8
9.Qg7xh7 cxd4
10.Ra1b1 Qd8c7
11.f4 Bc8d7
12.Ng1f3 dxc3
13.Qh7d3 O-O-O
14.h4 Ne7f5
15.h5 Nf5g3
16.Rh1h3 Ng3xf1
17.Kxf1 Nc6e7
18.Nf3d4 Bd7e8
19.Rb1b3 Kb8
20.Rb3xc3 Ne7c6
21.h6 Qc7e7
22.Bc1e3 Nc6xd4
23.Be3xd4 a6
24.Bd4c5 Qe7d7
25.Kf2 Ka8
26.h7 Rg8h8
27.Rh3g3 f5
28.exf6 Rh8xh7
29.Bc5b6 Rd8b8
30.Rc3c7 Qd7xc7
31.Bb6xc7 Rh7xc7
32.Rg3g7 Rb8c8
33.Rg7xc7 Rc8xc7
34.g4 Rc7g7
35.fxg7 { resign }
1-0

[Event "Match"]
[Site "www.echecsemail.com"]
[Date "2016.08.16"]
[Round "1"]
[White "Darknight"]
[Black "Susov"]
[WhiteElo "1730"]
[BlackElo "1900"]
[Result "1-0"]
[Round "1"]
1.e4 e5
2.Ng1f3 Nb8c6
3.c3 Ng8f6
4.d3 Bf8c5
5.h3 d5
6.exd5 Qd8xd5
7.Qd1e2 Bc8f5
8.d4 Bc5xd4
9.Nf3xd4 O-O
10.Nd4xf5 Ra8d8
11.Bc1d2 e4
12.g4 e3
13.Bd2xe3 Rf8e8
14.Nb1d2 Nc6e5
15.Nf5d4 Qd5xh1
16.f3 Ne5c4
17.Nd2xc4 Nf6d5
18.O-O-O Nd5f4
19.Qe2f2 Nf4xh3
20.Qf2g3 Nh3g5
21.Be3xg5 f6
22.Bf1g2 Qh1xd1
23.Kxd1 fxg5
24.Qg3xc7 Rd8c8
25.Qc7d7 b5
26.Nc4d6 Rc8d8
27.Qd7xe8 { resign }
1-0

[Event "Match"]
[Site "www.echecsemail.com"]
[Date "2016.08.16"]
[Round "1"]
[White "Tbsundar"]
[Black "Karlgrocer"]
[WhiteElo "2050"]
[BlackElo "2030"]
[Result "0-1"]
[Round "1"]
1.d4 d5
2.c4 c6
3.e3 Ng8f6
4.Nb1d2 e6
5.Ng1f3 Bf8e7
6.Bf1d3 O-O
7.O-O a6
8.c5 Nb8d7
9.b4 Rf8e8
10.Bc1b2 Nd7f8
11.Nf3e5 Nf6d7
12.f4 Be7f6
13.Nd2f3 Nd7xe5
14.fxe5 Bf6e7
15.Qd1e1 b5
16.e4 dxe4
17.Bd3xe4 Bc8b7
18.Qe1e3 a5
19.a3 a4
20.Ra1d1 Ra8b8
21.g3 f5
22.exf6 Be7xf6
23.Rf1f2 Qd8e7
24.Nf3e5 Bf6xe5
 { time }
0-1

[Event "Match"]
[Site "www.echecsemail.com"]
[Date "2016.08.16"]
[Round "1"]
[White "Jhzes"]
[Black "Babedad"]
[WhiteElo "1920"]
[BlackElo "2149"]
[Result "0-1"]
[Round "1"]
1.Ng1f3 Ng8f6
2.d4 e6
3.e3 b6
4.c4 Bc8b7
5.Nb1d2 Bf8e7
6.Bf1d3 d5
7.cxd5 exd5
8.Bd3b5 c6
9.Bb5d3 Nb8d7
10.a3 O-O
11.O-O Qd8c7
12.b4 Rf8e8
13.Rf1e1 Be7d6
14.g3 Nf6e4
15.Bd3xe4 dxe4
16.Nf3g5 Nd7f6
17.Qd1c2 Qc7e7
18.f3 h6
19.Ng5xe4 Nf6xe4
20.fxe4 Qe7g5
21.e5 Bd6c7
22.Nd2f3 Qg5e7
23.Ra1b1 Ra8c8
24.Qc2b3 c5
25.Nf3d2 cxd4
26.exd4 Qe7d7
27.Qb3b2 Qd7d5
28.Nd2e4 f5
29.exf6 Re8xe4
30.Re1xe4 Qd5xe4
31.d5 Bb7xd5
32.fxg7 Qe4h1
33.Kf2 Qh1xh2
34.Ke1 Rc8e8
35.Kd1 Bd5f3
{ resign }
0-1

[Event "Match"]
[Site "www.echecsemail.com"]
[Date "2016.08.16"]
[Round "1"]
[White "Karlgrocer"]
[Black "Jhzes"]
[WhiteElo "2110"]
[BlackElo "1809"]
[Result "1-0"]
[Round "1"]
1.Ng1f3 d5
2.d4 Bc8f5
3.e3 Nb8c6
4.Bf1e2 Nc6b4
5.Nb1a3 e6
6.c3 Nb4c6
7.Na3c2 Bf8d6
8.O-O Nc6e7
9.a3 Ng8f6
10.b4 Nf6e4
11.Bc1b2 Ne7g6
12.c4 Ng6h4
13.c5 Bd6e7
14.Nc2e1 Nh4g6
15.Nf3e5 Ng6xe5
16.dxe5 c6
17.Be2d3 b5
18.Qd1c2 f6
19.exf6 Be7xf6
20.Bb2xf6 Qd8xf6
21.Ne1f3 O-O-O
22.Nf3d4 e5
23.Nd4xf5 Qf6xf5
24.f3 Qf5d7
25.Bd3xe4 dxe4
26.Qc2xe4 Rd8e8
27.Rf1d1 Qd7c7
28.Rd1d6 Kb7
29.Ra1d1 Re8e7
30.Qe4f5 g6
31.Qf5g4 Ka8
32.Rd6d7 Re7xd7
33.Qg4xd7 Qc7c8
34.Qd7e7 h5
35.Rd1d7 Qc8b8
36.Qe7f6 Rh8c8
37.Qf6xg6 h4
38.Rd7d6 Rc8g8
39.Qg6f6 h3
40.g3 Rg8f8
41.Qf6xe5 Rf8xf3
42.Qe5e4 Qb8f8
43.Qe4xc6 Kb8
44.Qc6xb5 Ka8
45.Qb5c6 Kb8
46.Rd6d8 Qf8xd8
47.Qc6xf3 Qd8h8
48.Qf3f4 Kb7
49.Qf4d4 Qh8h5
50.Kf2 Qh5f5
51.Qd4f4 Qf5c2
52.Kf3 Qc2xh2
53.Qf4e4 Ka6
54.Qe4c6 { resign }
1-0

[Event "Match"]
[Site "www.echecsemail.com"]
[Date "2016.08.16"]
[Round "1"]
[White "Jhzes"]
[Black "Mrmoto"]
[WhiteElo "1810"]
[BlackElo "1630"]
[Result "1-0"]
[Round "1"]
1.e4 e5
2.Bf1c4 Ng8f6
3.Ng1f3 h6
4.Nf3xe5 d5
5.exd5 Nf6xd5
6.Qd1f3 Qd8f6
7.Qf3xd5 Nb8c6
8.Ne5xf7 Qf6e7
9.Kd1 Bc8e6
10.Qd5xe6 Qe7xe6
11.Bc4xe6 Rh8g8
12.Nf7xh6 Rg8h8
13.Nh6f7 Rh8h4
14.Nf7g5 Nc6d4
15.Be6b3 Nd4c6
16.Ng5e6 { resign }
1-0

[Event "Match"]
[Site "www.echecsemail.com"]
[Date "2016.08.16"]
[Round "1"]
[White "Jhzes"]
[Black "Biggles"]
[WhiteElo "1990"]
[BlackElo "2100"]
[Result "0-1"]
[Round "1"]
1.Ng1f3 d5
2.d4 Ng8f6
3.Bc1f4 e6
4.e3 c5
5.dxc5 Bf8xc5
6.Nb1d2 Bc8d7
7.Bf4e5 Nb8c6
8.a3 O-O
9.Nd2b3 Bc5b6
10.Bf1d3 Ra8c8
11.Nf3g5 Nc6xe5
12.Bd3xh7 Nf6xh7
13.Ng5xh7 Kxh7
14.Qd1h5 Kg8
15.Qh5xe5 Rc8xc2
16.O-O Bd7b5
17.Rf1e1 Qd8h4
18.g3 Qh4h3
19.Nb3d4 Bb6xd4
20.Qe5xd4 Bb5e2
21.Qd4f4 Rf8c8
22.b4 e5
23.Qf4h4 Qh3f5
24.f4 Be2f3
25.h3 Rc2g2
26.Kf1 Qf5c2
27.g4 Qc2d3
{ resign }
0-1

[Event "Eq:Creusers-Slap Shot Mates : "]
[Site "www.chess-mail.com"]
[Date "2016.08.16"]
[Round "1"]
[White "Geodad5"]
[Black "Ison"]
[WhiteElo "2130"]
[BlackElo "1780"]
[Result "1/2-1/2"]
[Round "1"]
1.e4 e5
2.Ng1f3 Nb8c6
3.d4 exd4
4.Nf3xd4 Bf8c5
5.Nd4xc6 Qd8f6
6.f3 dxc6
7.Bf1d3 Bc8d7
8.Nb1c3 O-O-O
9.Qd1e2 Ng8e7
10.Bc1e3 Bc5xe3
11.Qe2xe3 Kb8
12.O-O-O Ne7g6
13.Rd1d2 Qf6f4
14.Qe3xf4 Ng6xf4
15.g3 Nf4xd3
16.Rd2xd3 Bd7e6
17.Rh1d1 Kc8
18.b3 Rd8xd3
{ draw }
1/2-1/2

[Event "Tourn. n8889"]
[Site "www.chess-mail.com"]
[Date "2016.08.17"]
[Round "1"]
[White "Scasan55"]
[Black "Jhzes"]
[WhiteElo "2000"]
[BlackElo "1950"]
[Result "0-1"]
[Round "1"]
1.e4 e5
2.Ng1f3 d6
3.h3 g5
4.d4 exd4
5.Qd1xd4 f6
6.Nf3xg5 c5
7.Qd4c3 Nb8c6
8.Ng5f3 Qd8e7
9.Qc3e3 Bf8h6
10.Qe3e2 Bh6xc1
11.Nb1c3 Bc1xb2
12.Nc3d5 Qe7g7
13.Ra1b1 Bb2a3
14.Nf3h4 Nc6d4
15.Qe2h5 Kd8
16.Nh4f5 Bc8xf5
17.exf5 Nd4xc2
18.Kd1 Nc2d4
19.Qh5h4 Nd4xf5
20.Qh4a4 Ba3b4
21.a3 Qg7g6
22.axb4 Nf5e3
23.Nd5xe3 Qg6xb1
24.Kd2 cxb4
25.Qa4a5 b6
26.Qa5d5 Qb1b2
27.Ke1 Qb2c3
28.Qd5d2 Qc3xd2
29.Kxd2 Ra8c8
30.Bf1a6 Rc8c5
31.Rh1b1 Rc5a5
32.Ba6b7 Kc7
33.Bb7e4 Ra5a2
34.Ke1 a5
35.Rb1c1 Kd8
36.Rc1c6 Ra2a1
37.Ke2 Kd7
38.Rc6xb6 Ke6
39.Ne3c4 f5
40.Rb6xd6 Ke7
41.Be4xf5 Ra1c1
42.Rd6e6 Kf8
43.Re6a6 Rc1xc4
44.Ra6a8 Kg7
45.Ra8a7 Kf6
46.Bf5d3 Rc4c5
47.Ra7a6 Ke5
48.Ke3 Ng8f6
49.f4 Kd5
50.Ra6xf6 Rh8e8
51.Kf3 Rc5c3
52.Rf6f5 Kd4
{ resign }
0-1

[Event "Tourn. n8898"]
[Site "www.chess-mail.com"]
[Date "2016.08.17"]
[Round "1"]
[White "Redabond"]
[Black "Hansen"]
[WhiteElo "1680"]
[BlackElo "1600"]
[Result "0-1"]
[Round "1"]
1.d4 d5
2.Bc1f4 Nb8c6
3.Nb1c3 f6
4.Nc3b5 e5
5.dxe5 fxe5
6.Bf4g3 Bc8f5
7.a3 Nc6d4
8.Nb5xd4 exd4
9.Qd1xd4 c5
10.Qd4e5 Ng8e7
11.O-O-O d4
12.Qe5xc5 Ra8c8
13.Qc5xd4 Rc8xc2
14.Kb1 Rc2d2
15.Qd4d3 Rd2xd3
16.exd3 Ne7c6
17.Ng1f3 b5
18.Ka1 Nc6a5
19.d4 Qd8d5
20.Bf1e2 Na5b3
21.Ka2 Nb3c1
22.Ka1 Qd5a2
{ resign }
0-1

[Event "Tourn. n8889"]
[Site "www.chess-mail.com"]
[Date "2016.08.17"]
[Round "1"]
[White "Picifarkinca"]
[Black "Jhzes"]
[WhiteElo "1920"]
[BlackElo "1950"]
[Result "1/2-1/2"]
[Round "1"]
1.e4 d6
2.d4 e6
3.c4 Ng8f6
4.Nb1c3 b6
5.Bc1g5 Bf8e7
6.Ng1f3 h6
7.Bg5d2 c6
8.g3 g5
9.Qd1a4 Bc8d7
10.Qa4c2 a5
11.Bf1g2 e5
12.dxe5 dxe5
13.Nf3xe5 Be7d6
14.Ne5d3 Bd7e6
15.b3 Nf6g4
16.O-O Nb8d7
17.f4 gxf4
18.Nd3xf4 Bd6c5
19.Kh1 Ng4f2
20.Rf1xf2 Bc5xf2
21.Ra1f1 Bf2c5
22.Nf4xe6 fxe6
23.e5 Nd7xe5
24.Bd2f4 Ne5d3
25.h3 Ra8c8
26.Kh2 e5
27.Qc2e2 O-O
28.Qe2g4 Kh8
29.Qg4g6 exf4
30.Qg6xh6 Kg8
31.Qh6g6 Kh8
32.Qg6h6 Kg8
{ draw }
1/2-1/2

[Event "Tourn. n8844"]
[Site "www.chess-mail.com"]
[Date "2016.08.17"]
[Round "1"]
[White "Abuelo"]
[Black "Pwain"]
[WhiteElo "2200"]
[BlackElo "2119"]
[Result "0-1"]
[Round "1"]
1.e4 e5
2.Ng1f3 Nb8c6
3.Bf1b5 a6
4.Bb5xc6 dxc6
5.d3 Bf8d6
6.Nb1c3 Ng8e7
7.O-O O-O
8.h3 c5
9.Bc1g5 f6
10.Bg5e3 b5
11.a3 Bc8d7
12.a4 b4
13.Nc3e2 f5
14.exf5 Ne7xf5
15.Qd1d2 Qd8e8
16.Rf1e1 Bd7xa4
17.b3 Ba4c6
18.Nf3h2 Qe8g6
19.f3 Nf5h4
20.Be3g5 Nh4xg2
21.Kxg2 h6
22.Kf2 hxg5
23.Re1g1 Qg6f7
24.Ra1f1 e4
25.Ne2g3 Bd6f4
26.Qd2e2 exd3
27.Qe2xd3 Ra8d8
28.Qd3xa6 Rd8d2
29.Ke1 Qf7e8
30.Ng3e2 Bc6b5
{ resign }
0-1

[Event "Tourn. n8824"]
[Site "www.chess-mail.com"]
[Date "2016.08.17"]
[Round "1"]
[White "Cheminet"]
[Black "Jhzes"]
[WhiteElo "2040"]
[BlackElo "1830"]
[Result "1-0"]
[Round "1"]
1.d4 e6
2.c4 c5
3.Ng1f3 cxd4
4.Nf3xd4 Nb8c6
5.e3 Nc6xd4
6.exd4 Bf8b4
7.Nb1c3 h6
8.Qd1c2 Bb4xc3
9.Qc2xc3 f5
10.g3 Ng8f6
11.Bf1g2 g5
12.d5 exd5
13.Qc3e5 Qd8e7
14.Qe5xe7 Kxe7
15.cxd5 d6
16.b3 Kf7
17.O-O b6
18.Bc1a3 Rh8d8
19.Ra1c1 Kg6
20.Rc1c7 Nf6e8
21.Rc7e7 Bc8a6
22.Rf1e1 Ba6b5
23.h3 Ne8g7
24.g4 f4
25.Ba3b2 Rd8g8
26.Bg2e4 Ng7f5
27.Be4xf5 { resign }
1-0

[Event "Tourn. n8844"]
[Site "www.chess-mail.com"]
[Date "2016.08.17"]
[Round "1"]
[White "Cheminet"]
[Black "Pwain"]
[WhiteElo "2070"]
[BlackElo "2119"]
[Result "0-1"]
[Round "1"]
1.e4 e5
2.Ng1f3 Nb8c6
3.Bf1c4 Ng8f6
4.Nf3g5 d5
5.exd5 Nc6a5
6.Qd1e2 h6
7.Qe2xe5 Qd8e7
8.Qe5xe7 Bf8xe7
9.Bc4b5 c6
10.Ng5xf7 Kxf7
11.dxc6 bxc6
12.Bb5e2 Bc8f5
13.d3 Be7b4
14.c3 Bb4d6
15.O-O Ra8e8
16.Bc1e3 Nf6d5
17.Nb1d2 Nd5f4
18.Rf1e1 Nf4xe2
19.Re1xe2 Bf5xd3
20.Re2e1 a6
21.Ra1d1 Na5b7
22.Nd2f3 Bd3e4
{ resign }
0-1

[Event "Tourn. n8880"]
[Site "www.chess-mail.com"]
[Date "2016.08.17"]
[Round "1"]
[White "Bigrezi"]
[Black "Caspito"]
[WhiteElo "1820"]
[BlackElo "1860"]
[Result "1-0"]
[Round "1"]
1.e4 e5
2.Ng1f3 Nb8c6
3.d4 exd4
4.Nf3xd4 Bf8c5
5.Bc1e3 Ng8f6
6.Nd4xc6 bxc6
7.Be3xc5 d6
8.Bc5d4 O-O
9.Bf1d3 Bc8b7
10.Qd1f3 c5
11.Bd4xf6 Qd8xf6
12.Qf3xf6 gxf6
13.Nb1d2 Kh8
14.O-O d5
15.exd5 Rf8g8
16.c4 Bb7c8
17.Rf1e1 Bc8h3
18.g3 f5
19.Nd2f3 f4
20.Re1e7 Bh3g4
21.Nf3e5 Rg8g7
22.Ne5xg4 fxg3
23.Ng4f6 gxh2
24.Kxh2 h6
25.Ra1e1 Ra8b8
26.Re7e8 { resign }
1-0

[Event "Tourn. n8905"]
[Site "www.chess-mail.com"]
[Date "2016.08.17"]
[Round "1"]
[White "Mitja"]
[Black "Jhzes"]
[WhiteElo "1910"]
[BlackElo "1810"]
[Result "1-0"]
[Round "1"]
1.d4 d6
2.e3 Bc8f5
3.Bf1d3 Bf5xd3
4.Qd1xd3 a6
5.Ng1f3 g6
6.c4 Bf8g7
7.Nb1c3 e6
8.b3 Nb8d7
9.Bc1b2 f5
10.Qd3e2 c6
11.Ra1b1 Ng8e7
12.h3 b5
13.cxb5 axb5
14.O-O d5
15.a3 Nd7f6
16.Nf3g5 Nf6e4
17.Ng5xe6 Qd8d6
18.Ne6xg7 Kf7
19.Ng7xf5 Ne7xf5
20.Nc3xe4 dxe4
21.Qe2g4 Qd6d5
22.b4 h5
23.Qg4e2 Ra8g8
24.Rb1c1 g5
25.Rc1c5 Qd5d7
26.d5 Rh8h6
27.dxc6 Qd7c8
28.Qe2xb5 Nf5e7
29.c7 g4
30.h4 g3
31.fxg3 Kg6
32.Rc5g5 Kh7
33.Rf1f7 Rg8g7
34.Rf7xg7 { resign }
1-0

[Event "Tourn. n8801"]
[Site "www.chess-mail.com"]
[Date "2016.08.17"]
[Round "1"]
[White "Jhzes"]
[Black "Claudia"]
[WhiteElo "1960"]
[BlackElo "1960"]
[Result "0-1"]
[Round "1"]
1.f4 d5
2.Ng1f3 e6
3.e3 Ng8f6
4.Nb1c3 Bf8e7
5.a3 O-O
6.d4 c5
7.Bf1b5 a6
8.Bb5e2 Nb8c6
9.dxc5 Be7xc5
10.b4 Bc5a7
11.O-O b5
12.Nf3d4 Nc6xd4
13.exd4 Qd8c7
14.Bc1b2 Bc8b7
15.Be2xb5 axb5
16.Nc3xb5 Qc7d7
17.Nb5xa7 Ra8xa7
18.h3 Nf6e4
19.Rf1f3 Rf8c8
20.g4 Bb7c6
21.f5 Bc6a4
22.Ra1c1 Ra7c7
23.fxe6 fxe6
24.Qd1e2 Rc7xc2
25.Rc1xc2 Rc8xc2
26.Qe2a6 Rc2xb2
27.Qa6a8 Qd7e8
28.Qa8a6 h6
29.Qa6d3 Rb2b3
30.Qd3e2 Rb3xf3
31.Qe2xf3 Qe8f7
32.Qf3e3 Ba4b5
33.h4 Qf7f1
34.Kh2 Qf1f2
35.Qe3xf2 Ne4xf2
36.Kg3 Nf2e4
37.Kf4 Kf7
38.Ke5 Ke7
39.Kf4 Kf6
40.h5 Ne4d6
{ resign }
0-1

[Event "Match"]
[Site "www.echecsemail.com"]
[Date "2016.08.17"]
[Round "1"]
[White "Gatrooper"]
[Black "Nulladies"]
[WhiteElo "1730"]
[BlackElo "1740"]
[Result "0-1"]
[Round "1"]
1.e4 c5
2.c4 g6
3.Nb1c3 Bf8g7
4.Nc3d5 e6
5.Nd5f4 b6
6.d3 Nb8c6
7.Bc1d2 Bg7xb2
8.Ra1b1 Qd8f6
9.Qd1c2 Bb2d4
10.Bd2e3 Bd4c3
11.Be3d2 Nc6d4
12.Qc2c1 Bc3xd2
13.Qc1xd2 Ng8e7
14.Ng1f3 Ne7c6
15.Nf3xd4 Nc6xd4
16.Nf4e2 O-O
17.Ne2xd4 Qf6xd4
18.h4 Bc8b7
19.Bf1e2 f5
20.h5 Rf8f7
21.hxg6 hxg6
22.Qd2h6 Qd4g7
23.Qh6xg7 Rf7xg7
24.e5 Bb7xg2
25.Rh1h2 Bg2c6
26.f3 Rg7h7
27.Rh2xh7 Kxh7
28.Kd2 Ra8d8
29.Rb1h1 Kg7
30.a3 d6
31.exd6 Rd8xd6
32.Rh1g1 e5
33.Kc3 Rd6d8
34.Be2d1 a5
35.a4 Rd8e8
36.Rg1g3 Re8h8
37.Bd1e2 Bc6xa4
38.Rg3g1 Rh8h2
39.Be2d1 Ba4xd1
40.Rg1xd1 Rh2f2
41.Rd1e1 Kf6
42.f4 exf4
43.Re1e8 f3
44.Re8f8 Kg5
45.Rf8b8 Rf2e2
46.Rb8xb6 f2
47.Rb6b1 Re2e1
48.Rb1xe1 fxe1Q
49.Kb3 f4
{ resign }
0-1

[Event "Match"]
[Site "www.echecsemail.com"]
[Date "2016.08.17"]
[Round "1"]
[White "Jhzes"]
[Black "Guidom"]
[WhiteElo "1880"]
[BlackElo "2020"]
[Result "0-1"]
[Round "1"]
1.e4 e5
2.Ng1f3 Nb8c6
3.Bf1c4 d6
4.d3 Bf8e7
5.O-O Ng8f6
6.Nb1c3 Bc8g4
7.h3 Bg4h5
8.g4 Nf6xg4
9.Bc4b5 Ng4f6
10.Nc3d5 O-O
11.Bc1g5 Nc6d4
12.Bg5xf6 Be7xf6
13.Nd5xf6 Qd8xf6
14.c3 Nd4xb5
15.Kg2 Ra8d8
16.d4 exd4
17.c4 Qf6g6
18.Kh1 Qg6xe4
19.Kg2 Bh5xf3
20.Qd1xf3 Qe4xf3
21.Kxf3 a6
22.cxb5 axb5
23.b4 b6
24.Rf1d1 c5
25.a3 Rf8e8
26.Ra1b1 Rd8b8
27.bxc5 bxc5
28.Rd1d3 Re8e5
29.Kf4 g5
30.Kg4 h6
31.Rb1g1 Kg7
32.Kh5 Re5e4
33.Rg1g4 f5
34.Rg4xe4 fxe4
35.Rd3g3 Kf6
36.h4 Rb8g8
37.Rg3g4 Rg8g6
38.Rg4xe4 d3
39.Re4e1 Kf5
40.Re1d1 c4
41.Rd1d2 Rg6e6
42.Rd2b2 c3
43.Rb2xb5 Re6e5
44.Rb5b1 c2
45.Rb1f1 d2
46.f4 d1Q
47.Rf1xd1 cxd1Q
{ resign }
0-1

[Event "Match"]
[Site "www.echecsemail.com"]
[Date "2016.08.17"]
[Round "1"]
[White "Geodad5"]
[Black "Tbsundar"]
[WhiteElo "2120"]
[BlackElo "2040"]
[Result "1-0"]
[Round "1"]
1.e4 e5
2.Ng1f3 Nb8c6
3.d4 exd4
4.Nf3xd4 Bf8c5
5.c3 Qd8f6
6.Bc1e3 Ng8e7
7.Bf1e2 O-O
8.O-O d6
9.Nd4xc6 Ne7xc6
10.Be3xc5 dxc5
11.Qd1c2 Bc8e6
12.Nb1d2 Ra8d8
13.b3 Nc6e5
14.Ra1d1 Qf6h4
15.Nd2f3 Ne5xf3
16.Be2xf3 Be6d7
17.Rd1d2 Qh4f4
18.Rf1d1 c4
19.Rd2xd7 Rd8xd7
20.Rd1xd7 cxb3
21.axb3 g5
22.Qc2d1 g4
23.Bf3xg4 Qf4xe4
24.Bg4f3 Qe4e5
25.c4 Rf8e8
26.g3  { time }
1-0

[Event "Match"]
[Site "www.echecsemail.com"]
[Date "2016.08.17"]
[Round "1"]
[White "Jhzes"]
[Black "Fangshuo"]
[WhiteElo "1990"]
[BlackElo "2060"]
[Result "0-1"]
[Round "1"]
1.Ng1f3 c5
2.c4 Nb8c6
3.e3 e5
4.d3 d6
5.Bc1d2 Bc8g4
6.Nb1c3 Ng8f6
7.Qd1a4 Bg4xf3
8.gxf3 Bf8e7
9.Nc3d5 O-O
10.Nd5xe7 Qd8xe7
11.Bf1h3 a6
12.b4 Nc6a7
13.bxc5 dxc5
14.e4 b5
15.cxb5 axb5
16.Qa4c2 b4
17.Bd2e3 Nf6d7
18.Bh3xd7 Qe7xd7
19.Be3xc5 Rf8c8
20.O-O Na7b5
21.Rf1c1 Nb5d4
22.Qc2d1 Nd4e6
23.Bc5xb4 Rc8xc1
24.Ra1xc1 Ne6f4
25.a3 Qd7h3
26.Qd1f1 Qh3xf3
27.h4 Nf4xd3
28.Rc1c3 Qf3g4
29.Qf1g2 Qg4d7
30.Qg2g5 Nd3xb4
31.Rc3g3 f6
32.Qg5h5 Nb4c2
33.Rg3b3 Nc2xa3
34.Qh5f3 Na3c2
35.Qf3c3 Nc2d4
36.Qc3b4 Nd4xb3
37.Qb4xb3 Kf8
38.Qb3b4 Kg8
39.Qb4b3 Kh8
40.f4 Qd7g4
41.Kf2 Qg4xf4
42.Kg2 Qf4xe4
{ resign }
0-1

[Event "Match"]
[Site "www.echecsemail.com"]
[Date "2016.08.17"]
[Round "1"]
[White "Jhzes"]
[Black "Fangshuo"]
[WhiteElo "1990"]
[BlackElo "2060"]
[Result "0-1"]
[Round "1"]
1.d4 d5
2.Bc1f4 Bc8d7
3.Nb1c3 e6
4.a3 c5
5.e3 c4
6.Ng1f3 Nb8c6
7.b3 cxb3
8.cxb3 a6
9.b4 Ng8f6
10.Bf1d3 Bf8e7
11.e4 dxe4
12.Bd3xe4 O-O
13.d5 exd5
14.Be4xd5 Nc6xb4
15.axb4 Be7xb4
16.Ra1c1 Bb4xc3
17.Rc1xc3 Qd8a5
18.Bd5xf7 Rf8xf7
19.Bf4d2 Rf7e7
20.Kf1 Qa5d5
21.Qd1b1 Bd7c6
22.Rc3d3 Bc6b5
23.Nf3e1 Re7xe1
24.Qb1xe1 Bb5xd3
25.Kg1 b5
26.h4 Ra8e8
27.Bd2e3 Qd5b3
28.Rh1h3 Nf6d5
29.Qe1c1 Nd5xe3
30.Rh3xe3 Re8xe3
31.Qc1c8 Kf7
32.fxe3 b4
33.Qc8d7 Kf6
34.Qd7d6 Kf5
35.Kf2 Qb3c2
36.Kg1 Qc2c1
37.Kf2 Qc1f1
38.Kg3 Qf1e1
39.Kh3 Qe1xe3
40.g3 Bd3f1
41.Kh2 Qe3f2
{ resign }
0-1

[Event "Match"]
[Site "www.echecsemail.com"]
[Date "2016.08.17"]
[Round "1"]
[White "Pwain"]
[Black "Jhzes"]
[WhiteElo "2240"]
[BlackElo "1920"]
[Result "1-0"]
[Round "1"]
1.e4 d6
2.d4 g6
3.Nb1c3 Bf8g7
4.Ng1f3 e6
5.h4 c6
6.h5 gxh5
7.Bc1g5 Ng8e7
8.Qd1d2 f6
9.Bg5h6 Rh8g8
10.O-O-O Nb8d7
11.Rh1xh5 Ne7g6
12.Bf1d3 Bg7xh6
13.Rh5xh6 Nd7f8
14.e5 f5
15.exd6 Qd8xd6
16.g3 Bc8d7
17.Nf3g5 Rg8g7
18.Qd2e3 O-O-O
19.d5 exd5
20.Qe3xa7 Qd6b4
21.a3 Qb4g4
22.Ng5h3 Nf8e6
23.Nc3a4 Bd7e8
24.Bd3a6 Kd7
25.Ba6xb7 Kd6
26.Rd1e1 Rd8d7
27.Qa7e3 Rd7e7
28.Rh6xg6 hxg6
29.Qe3e5 Kd7
30.Na4b6 Kd8
31.Qe5b8 { resign }
1-0

[Event "Match"]
[Site "www.echecsemail.com"]
[Date "2016.08.17"]
[Round "1"]
[White "Jhzes"]
[Black "Krystek23"]
[WhiteElo "2000"]
[BlackElo "2310"]
[Result "0-1"]
[Round "1"]
1.e4 c5
2.b3 e6
3.Ng1f3 Nb8c6
4.Bc1b2 d6
5.Bf1b5 Bc8d7
6.d3 Qd8a5
7.Nb1c3 Ng8f6
8.a3 d5
9.e5 Nf6g4
10.a4 Ng4xe5
11.Nf3xe5 Nc6xe5
12.Bb5xd7 Ne5xd7
13.O-O Bf8e7
14.Nc3b5 O-O
15.Bb2c3 Qa5d8
16.Qd1g4 g6
17.g3 a6
18.Nb5a3 Be7f6
19.Bc3xf6 Qd8xf6
20.f4 b5
21.Qg4g5 Qf6d4
22.Kh1 b4
23.f5 exf5
24.Qg5e7 Nd7e5
25.Na3b5 axb5
26.a5 Qd4c3
27.Ra1e1 Rf8e8
28.Qe7f6 Re8e6
29.Qf6g5 Ne5f3
30.Rf1xf3 Re6xe1
{ resign }
0-1